Branná výchova v mateřské škole

Bibliographic Details
Main Author: Černoch, Felix (Author)
Format: Article
Language:Czech

MARC

LEADER 00000nab a2200000uu 4500
001 vtls011437803
003 SK-MaSNL
005 20260303145633.0
008 230222| xo |||||||||||||||||cze|
015 |a SNBRB 
035 |a (urnnbn)urn:nbn:sk:snk:ar-002me9 
035 |a (uuid)03f79cee-13d8-43cf-8ba0-1954466a4715 
035 |a urn:nbn:sk:snk-abccvm 
040 |a SNKBUCL  |b slo  |c SNKBUCL  |e AACR2 
041 0 |a cze 
044 |a xo  |c SK 
100 1 |a Černoch, Felix  |4 aut  |9 429961 
245 1 0 |a Branná výchova v mateřské škole  |c Felix Černoch 
773 0 |t Predškolská výchova : pedagogický časopis pre učiteľky materských škôl  |g Roč. 30, č. 4 (1975-1976), s. 96-97 
958 |a OND 
958 |a EUIPO 
958 |a article16 
999 |c 2004249  |d 2006179